000
00315nam a2200133Ia 4500
008
140130s9999 xx 000 0 und d
245
_c
Norman bridwell
_a
Clifford the Firehouse Dog
260
_b
Scholastic,
_c
1994
300
_a
28
440
_v
1
521
_a
Grade 1 - Grade 2
942
_c
BK
999
_c
40288
_d
40288